| 000 | 00619nam a2200217Ia 4500 | ||
|---|---|---|---|
| 008 | 160418s9999 xx 000 0 und d | ||
| 020 | _a971-725-068-5 | ||
| 050 | _aFIL PL 5517 | ||
| 050 | _b.R48 2001 c.3 | ||
| 245 | _aRetorika sa kolehiyo : | ||
| 245 | _bFilipino 3 / | ||
| 245 | _cAlcomfiser P. Tumangan, Sr… [et al] | ||
| 260 | _aMakati City: | ||
| 260 | _bGrandwater Pub., | ||
| 260 | _c2001 | ||
| 300 | _a287 pages : | ||
| 300 | _billustrations ; | ||
| 300 | _c22 cm. | ||
| 650 | _aFilipino language -- Rhetoric -- Study and teaching. | ||
| 650 | _xFilipino language -- Composition and exercises. | ||
| 999 |
_c293436 _d293436 |
||